The Oxford textbook of clinical research ethics / (Record no. 20583)
[ view plain ]
| 000 -LEADER | |
|---|---|
| fixed length control field | 00535nam a22001457a 4500 |
| 008 - FIXED-LENGTH DATA ELEMENTS--GENERAL INFORMATION | |
| fixed length control field | 250131b |||||||| |||| 00| 0 eng d |
| 020 ## - INTERNATIONAL STANDARD BOOK NUMBER | |
| International Standard Book Number | 9780199768639 |
| 050 ## - LIBRARY OF CONGRESS CALL NUMBER | |
| Classification number | R853 |
| Item number | .H9O98 |
| 245 ## - TITLE STATEMENT | |
| Title | The Oxford textbook of clinical research ethics / |
| Statement of responsibility, etc. | Edited by Ezekiel J. Emanuel, Christine Grady, Robert A. Crouch, Reidar K. Lie, Franklin G. Miller & David Wendler |
| 260 ## - PUBLICATION, DISTRIBUTION, ETC. (IMPRINT) | |
| Place of publication, distribution, etc. | New York |
| Name of publisher, distributor, etc. | Oxford University Press |
| Date of publication, distribution, etc. | 2008 |
| 300 ## - PHYSICAL DESCRIPTION | |
| Extent | xx, 827p. |
| 650 ## - SUBJECT ADDED ENTRY--TOPICAL TERM | |
| Topical term or geographic name as entry element | Medical ethics |
| 650 ## - SUBJECT ADDED ENTRY--TOPICAL TERM | |
| Topical term or geographic name as entry element | Human experimentation |
| Form subdivision | Ethics |
| 942 ## - ADDED ENTRY ELEMENTS (KOHA) | |
| Source of classification or shelving scheme | Library of Congress Classification |
| Koha item type | General Collection |
| Withdrawn status | Lost status | Source of classification or shelving scheme | Not for loan | Home library | Current library | Date acquired | Cost, normal purchase price | Inventory number | Total Checkouts | Full call number | Barcode | Date last seen | Copy number | Price effective from | Koha item type |
|---|---|---|---|---|---|---|---|---|---|---|---|---|---|---|---|
| Library of Congress Classification | Kabarak, Main Campus | Kabarak, Main Campus | 31/01/2025 | 17210.00 | 2025/2023 | R853 .H9O98 2008 C.1 | 33488 | 31/01/2025 | C.1 | 31/01/2025 | General Collection | ||||
| Library of Congress Classification | Kabarak, Main Campus | Kabarak, Main Campus | 31/01/2025 | 17210.00 | 2025/2031 | R853 .H9O98 2008 C.2 | 33482 | 31/01/2025 | C.2 | 31/01/2025 | General Collection | ||||
| Library of Congress Classification | Kabarak, Main Campus | Kabarak, Main Campus | 31/01/2025 | 17210.00 | 2025/2029 | R853 .H9O98 2008 C.3 | 33483 | 31/01/2025 | C.3 | 31/01/2025 | General Collection | ||||
| Library of Congress Classification | Kabarak, Main Campus | Kabarak, Main Campus | 31/01/2025 | 17210.00 | 2025/2032 | R853 .H9O98 2008 C.4 | 33484 | 31/01/2025 | C.4 | 31/01/2025 | General Collection |